000
00169 a2200097 4500
020
_a
9788499512433
041
_a
spa
100
_a
Anonimo
245
_a
Oso
942
_c
BK
999
_c
12843
_d
12843